CLARKS POCKET HANDBOOK FOR RADIOGRAPHERS (Record no. 14334)

MARC details
000 -LEADER
fixed length control field 00294nam a22001337a 4500
003 - CONTROL NUMBER IDENTIFIER
control field SGT
082 ## - DEWEY DECIMAL CLASSIFICATION NUMBER
Classification number 616.0757
Item number C17W
100 ## - MAIN ENTRY--PERSONAL NAME
Personal name WHITLEY,A STEWART
245 ## - TITLE STATEMENT
Title CLARKS POCKET HANDBOOK FOR RADIOGRAPHERS
250 ## - EDITION STATEMENT
Edition statement 2ND
260 ## - PUBLICATION, DISTRIBUTION, ETC. (IMPRINT)
Name of publisher, distributor, etc CRS PRESS
Year of Publication 2017
300 ## - PAGE DESCRIPTION
No. of Pages 252
942 ## - ADDED ENTRY ELEMENTS (KOHA)
Source of classification or shelving scheme Dewey Decimal Classification
Koha item type Books
942 ## - ADDED ENTRY ELEMENTS (KOHA)
-- 28
Holdings
Withdrawn status Lost status Source of classification or shelving scheme Damaged status Not for loan Collection code Home library Current library Shelving location Date acquired Vendor Name Cost, normal purchase price SGTU Bill Number Total Checkouts Full call number Accession No. (Barcode) Date last seen Bill Date Koha item type Total Renewals Date last borrowed
    Dewey Decimal Classification     MEDICAL SGT Medical Library SGT Medical Library Text Book 28/12/2017 ABC DELHI 795.00 SGTU 8707   616.0757 C17W FM9256 28/12/2017 08/08/2017 Books    
    Dewey Decimal Classification     MEDICAL SGT Medical Library SGT Medical Library Text Book 28/12/2017 ABC DELHI 795.00 SGTU 8707 48 616.0757 C17W FM9257 20/05/2026 08/08/2017 Books 1 29/04/2026